Statistics for Countries, US States, Capitals, Elements, 100 Most Common Words: A ≈ B + C #9

Click here to take the quiz!

General Stats

  • This quiz has been taken 27 times
  • The average score is 47 of 76

Answer Stats

ANSWER% Correct
{giV}e{}
94%
{}h{aIti}
94%
{}g{iVe}
94%
{}{V}{i}{r}{g}{i}{n}{i}{a}
89%
{iRan}
89%
{laoS}
89%
{Li}m{a}
89%
{oMa}n{}
89%
{lAo}s{}
89%
{ro}m{E}
89%
{lAos}
89%
{omAn}
89%
Slovenia
89%
Virginia
89%
{}{S}{l}{o}{v}{e}{n}{i}{a}
89%
{T}h{en}
83%
{eVen}
83%
{aLso}
83%
{}t{oGo}
83%
{alS}o{}
83%
{tH}e{n}
83%
{irOn}
78%
{Take}
78%
{d}i{Li}
78%
{iroN}
78%
{Oregon}
78%
{Palau}
72%
{Bern}
72%
{In}d{ia}
67%
Tashkent
67%
Vientiane
67%
{}{V}{i}{e}{n}{t}{i}{a}{n}{e}
67%
{Time}
67%
{}{T}{a}{s}{h}{k}{e}{n}{t}
67%
{cuBa}
61%
{n}a{uRu}
61%
{}{C}{a}{m}{e}{r}{o}{o}{n}
61%
{moSt}
61%
Cameroon
61%
{}o{tHer}
56%
{}{G}{a}{b}{o}{r}{o}{n}{e}
56%
Gaborone
56%
{Come}
56%
{}{S}{a}{i}{n}{t}{ }{L}{u}{c}{i}{a}
50%
{a}f{tEr}
50%
Saint Lucia
50%
{}{M}{o}{n}{r}{o}{v}{i}{a}
50%
Montenegro
50%
Monrovia
50%
{}{M}{o}{n}{t}{e}{n}{e}{g}{r}{o}
50%
{}{L}{o}{u}{i}{s}{i}{a}{n}{a}
44%
{t}i{rAna}
44%
{}{E}{a}{s}{t}{ }{T}{i}{m}{o}{r}
44%
{teHr}a{n}
44%
{}{B}{u}{c}{h}{a}{r}{e}{s}{t}
44%
Louisiana
44%
{}{P}{a}{l}{l}{a}{d}{i}{u}{m}
44%
Bucharest
44%
Sri Lanka
44%
{}{S}{a}{c}{r}{a}{m}{e}{n}{t}{o}
44%
East Timor
44%
Sacramento
44%
{}{S}{r}{i}{ }{L}{a}{n}{k}{a}
44%
Palladium
44%
{auStin}
39%
{}{C}{h}{a}{r}{l}{e}{s}{t}{o}{n}
39%
Charleston
39%
Ruthenium
39%
{}{R}{u}{t}{h}{e}{n}{i}{u}{m}
39%
{}{B}{u}{e}{n}{o}{s}{ }{A}{i}{r}{e}{s}
33%
Buenos Aires
33%
Gadolinium
28%
{}{G}{a}{d}{o}{l}{i}{n}{i}{u}{m}
28%
{Be}c{ause}
28%
{inDium}
28%

Score Distribution

Percentile by Number Answered

Percent of People with Each Score

Your Score History

You have not taken this quiz